[Event "Magnus Carlsen Chess Tour Finals Kiva"]
[Site "Online"]
[Date "2020.08.12"]
[Round "2.1"]
[White "Carlsen, Magnus"]
[Black "Nakamura, Hikaru"]
[Result "0-1"]
[WhiteElo "2881"]
[BlackElo "2829"]
[Annotator "TA"]
[PlyCount "112"]
[EventDate "2020.08.09"]
[EventType "k.o."]

{[%evp 9,112,20,41,50,56,59,47,22,22,22,22,22,37,34,50,25,32,32,28,22,74,62,53,58,57,52,41,52,60,0,0,0,0,0,0,0,0,0,80,77,81,69,91,0,0,0,0,0,0,0,6,0,0,0,0,0,0,0,0,-14,-8,-43,-45,-64,-64,-64,-64,-64,-64,-437,-430,-415,-415,-388,-393,-442,-441,-611,-528,-623,-593,-778,-757,-646,-597,-1030,-1020,-950,-933,-797,-716,-734,-722,-612,-635,-29966,-29967,-29970,-29971,-29975,-29977,-29977,-29978,-29978,-29977]} 1. d4 Nf6 2. c4 e6 3. Nf3 d5 4. Nc3 dxc4 (4... Be7 5. Bf4 O-O 6. a3 Nbd7 7. Nb5 Ne8 8. e3 dxc4 9. Bxc4 c5 10. dxc5 a6 11. Nbd4 Bxc5 12. O-O Qe7 13. Rc1 Bd6 14. Ba2 {1-0 (28) Carlsen,M (2863)-Nakamura,H (2736) chess24.com INT 2020}) 5. e4 b5 6. e5 {D24: Queen's Gambit Accepted: 3 Nf3 Nf6 4 Nc3.} Nd5 7. Nxb5 Nb6 {[#]} 8. a3 $146 {White is slightly better.} ({Predecessor:} 8. a4 a5 9. Be2 Be7 10. O-O Nc6 11. Be3 Ba6 12. Nd2 O-O 13. Nxc4 Nd5 14. Nc3 {½-½ (24) Fedoseev,V (2678)-Xiong,J (2709) chess.com INT 2020}) 8... Nc6 9. Be3 Na5 10. Qc2 a6 11. Nc3 $1 Be7 12. Rd1 Bb7 13. Be2 Qd7 14. h4 Bc6 (14... f5 $11) 15. Rh3 $16 Rb8 16. Rg3 Ba4 17. Nxa4 Qxa4 18. Rc1 Nb3 19. Rxg7 (19. Rb1 $14) 19... Nxc1 $11 20. Qxc1 c3 21. Qxc3 Nd5 22. Qc1 $1 {aiming for Ng5.} Nxe3 23. fxe3 Kf8 {[#]} (23... c5 $11) 24. Rg4 $1 $16 Qb3 25. Qxc7 Qxb2 {[#]} 26. Kf2 ({White should try} 26. d5 $1 $16) 26... Qb7 $36 {[%mdl 2048] Black fights for an advantage.} 27. Qa5 Rg8 28. Rf4 Qc6 29. Qd2 h6 30. Qd3 {Hoping for Qh7!} Rg7 31. Qxa6 Qxa6 32. Bxa6 Rb2+ 33. Be2 Bxa3 34. g4 Be7 35. Re4 Rg8 36. Rf4 Kg7 {Threatens to win with ...Rc8.} 37. g5 hxg5 38. Nxg5 Bxg5 39. hxg5 $2 $15 {[%mdl 12288] Endgame KRR-KRB. Loses the game.} ({White has to play} 39. Rg4 $1 $15) 39... Rh8 $19 40. Kf3 Rh3+ 41. Kg4 Rxe3 42. Bf3 Rd2 43. Kh4 Red3 44. d5 exd5 45. Rf6 Re3 46. Rf5 Rd4+ 47. Kh5 Rb4 48. e6 fxe6 49. Rf6 Re5 50. Rg6+ Kf7 51. Rf6+ Ke7 52. Kh6 Rb8 {Black mates.} 53. Rf4 Rf8 54. Rxf8 Kxf8 55. g6 Kg8 56. g7 Re1 {Accuracy: White = 66%, Black = 95%.} 0-1

[Event "Magnus Carlsen Chess Tour Finals Kiva"]
[Site "Online"]
[Date "2020.08.12"]
[Round "2.1"]
[White "Carlsen, Magnus"]
[Black "Nakamura, Hikaru"]
[Result "1/2-1/2"]
[WhiteElo "2881"]
[BlackElo "2829"]
[Annotator "TA"]
[PlyCount "142"]
[EventDate "2020.08.09"]
[EventType "k.o."]
[SourceTitle "playchess.com"]
[Source "ChessBase"]
[SourceQuality "1"]

{[%evp 14,142,20,11,20,12,23,0,0,-9,29,8,8,14,10,14,20,25,30,26,26,34,33,41,44,42,50,45,43,45,43,27,48,27,91,91,91,91,91,91,91,91,91,83,133,91,91,91,91,91,91,83,77,0,0,0,41,41,41,8,8,8,8,8,8,8,8,8,8,8,8,8,8,8,8,8,8,8,8,8,8,8,8,8,8,8,8,8,8,8,8,8,8,8,8,8,8,8,8,8,85,8,85,85,85,85,85,85,85,85,85,85,85,85,85,8,8,8,8,8,8,8,8,8,8,8,8,-8,-8,-8,-8]} 1. c4 e5 2. Nc3 Nf6 3. Nf3 Nc6 4. e3 d5 5. cxd5 Nxd5 6. Bb5 Nxc3 7. bxc3 Bd6 8. d4 Qf6 $5 {[%mdl 4] [#] 8...Bd7 gains popularity. A promising side line. A28: English Opening: Four Knights Variation.} 9. Qc2 $146 {And now Bxc6+ would win.} ({Predecessor:} 9. O-O O-O 10. Bd3 Bf5 11. Qc2 Bxd3 12. Qxd3 Rfe8 13. e4 exd4 14. cxd4 Qg6 15. Re1 Rad8 16. Bg5 {1-0 (52) Nakamura,H (2746)-Ganguly,S (2615) Kolkata 2018}) 9... O-O 10. Bxc6 (10. Bd3 {with more complications.} exd4 11. exd4 Re8+ 12. Be3 h6 13. O-O) 10... bxc6 11. O-O Re8 12. dxe5 Bxe5 13. Nxe5 Qxe5 14. f3 f5 15. Re1 Rb8 16. Bd2 Be6 17. e4 fxe4 18. Rxe4 Bf5 {[#]} 19. Qb3+ $1 {[%mdl 512]} Qd5 (19... Rxb3 20. Rxe5) 20. Rxe8+ Rxe8 21. Bf4 Be6 22. Qa3 a6 23. Re1 Bf7 (23... Kf7 $11 {remains equal.}) 24. Rxe8+ $16 Bxe8 25. h3 ({Reject} 25. Bxc7 $6 Qd1+ 26. Kf2 Qd2+ 27. Kg3 Qg5+ 28. Kf2 Qd2+ 29. Kg3 Qe1+ 30. Kf4 h6 $11) 25... a5 26. Bxc7 Bf7 27. Qe7 a4 28. a3 Qe6 29. Qd8+ Qe8 30. Qd4 Bb3 31. Kh2 h6 32. Be5 Qe7 33. g4 (33. Bd6 $16 Qg5 34. Be5) 33... Bd5 $11 34. Kg3 Qf8 35. f4 Qxa3 36. Bxg7 {Threatens to win with Qf6.} (36. Qa7 $5 {[%cal Ra7g7]} Bf7 37. Bd4 $16) 36... Qc1 37. Be5 a3 {[#]} 38. c4 $1 {[%mdl 512]} Qe1+ (38... Qxc4 39. Qa7) 39. Qf2 Qxf2+ 40. Kxf2 Bxc4 {[%mdl 4096] Endgame KB-KB} 41. f5 a2 42. Kg3 Kh7 43. Kf4 Bb3 44. h4 Bc2 45. Bc3 Bd3 46. Ke5 Kg8 47. Kf6 Be2 48. g5 hxg5 49. hxg5 Bd3 50. g6 Bc2 51. Kg5 Bd3 52. f6 {Intending f7+ and mate.} (52. Bb2 {seems wilder.} c5 53. Kf4 Kf8 54. Ke5 Kg8 55. Ke6) 52... Bc4 $1 53. Kf4 c5 54. Bb2 Bb3 55. Be5 Bd5 56. Ke3 Bc4 {[#]} (56... Be6 $1 $11) 57. Kd2 $1 $16 Kf8 (57... Bd5 $1 $11 {keeps the balance.}) 58. Kc2 Bd5 59. Kb2 Kg8 60. Bd6 Be6 61. Bxc5 Bd5 62. Bd6 Be6 63. Be5 Bd5 64. Ka3 (64. Bb8 $16) 64... Be6 $11 {The position is equal.} 65. Kb4 Kf8 66. Kc5 a1=Q 67. Bxa1 {Black must now prevent Be5.} Bf5 68. g7+ Kg8 69. f7+ Kxf7 70. g8=Q+ Kxg8 71. Bh8 Kxh8 {Accuracy: White = 92%, Black = 87%.} 1/2-1/2

[Event "Magnus Carlsen Chess Tour Finals Kiva"]
[Site "Online"]
[Date "2020.08.12"]
[Round "2.1"]
[White "Nakamura, Hikaru"]
[Black "Carlsen, Magnus"]
[Result "1/2-1/2"]
[WhiteElo "2829"]
[BlackElo "2881"]
[Annotator "TA"]
[PlyCount "98"]
[EventDate "2020.08.09"]
[EventType "k.o."]
[SourceTitle "playchess.com"]
[Source "ChessBase"]
[SourceQuality "1"]

{[%evp 20,98,23,20,20,16,22,21,15,0,0,0,0,0,7,4,22,16,19,16,12,0,83,34,26,11,24,20,64,-48,-46,-40,-45,-31,-7,-8,22,0,0,-12,0,0,10,0,5,0,14,7,14,6,16,8,8,8,8,8,6,0,0,0,0,0,0,-7,-7,-40,-40,-40,-40,-40,-40,-63,-40,-63,-40,-63,0,-63,0,-63,0]} 1. e4 c5 2. Nf3 d6 3. d4 cxd4 4. Nxd4 Nf6 5. Nc3 a6 6. f3 e5 7. Nb3 Be6 8. Be3 Be7 9. Qd2 h5 10. Nd5 Nxd5 11. exd5 Bf5 {B90: Sicilian Najdorf: Unusual White 6th moves, 6 Be3 Ng4 and 6 Be3 e5.} 12. Be2 Bh4+ 13. g3 Be7 {The position is equal.} 14. c4 {[#]} a5 $146 ({Predecessor:} 14... Nd7 15. Na5 Qc7 16. b4 O-O 17. O-O Nf6 18. Bd3 Bh3 19. Rfe1 h4 20. Rac1 Qd7 {0-1 (44) Yuan,Y (2243)-Vishnu,P (2536) London 2017}) 15. Bd3 Bh3 16. O-O-O Nd7 (16... a4 $5 17. Na1 $8 a3 $14) 17. Kb1 a4 18. Nc1 Qa5 19. Qxa5 Rxa5 20. Rhg1 f5 (20... Nc5 $11) 21. Ne2 O-O 22. Nc3 e4 23. fxe4 Ne5 24. Bb6 (24. Be2 $1 $14) 24... Ra6 $15 25. Bd4 Nf3 26. c5 dxc5 (26... Raa8 $5 {[%cal Rf3d4]} 27. cxd6 Bxd6 $15) 27. Be3 $1 $36 {[%mdl 2048] aiming for e5. White has some pressure.} ({Don't play} 27. Bxa6 cxd4 28. Bc4 Rc8 $17) 27... Raf6 28. Rh1 Bg2 29. exf5 Bxh1 30. Rxh1 a3 31. b3 Nd4 32. Rf1 Nxf5 33. Bg5 Nd6 34. Bxf6 Rxf6 35. Rxf6 (35. Na4 {is interesting.} Rxf1+ 36. Bxf1 Nf5 37. Bh3 Nd4 38. Nb6) 35... Bxf6 36. Ne4 Nxe4 37. Bxe4 $11 {[%mdl 4096] Endgame KB-KB} Be5 38. Bg6 h4 39. gxh4 Bxh2 40. Kc2 Kf8 41. Kd3 b5 {[%cal Bb7b5,Bb5b4][%mdl 32]} 42. Kc2 Ke7 43. Bd3 b4 44. h5 Kd6 45. Bg6 Be5 46. Kb1 Bf6 47. Kc2 Be5 48. Kb1 Bf6 49. Kc2 Be5 {Accuracy: White = 86%, Black = 88%.} (49... Kxd5 $15 50. Kd3 {[#]} c4+ $1 {[%mdl 512]} 51. bxc4+ Kc5) 1/2-1/2

[Event "Magnus Carlsen Chess Tour Finals Kiva"]
[Site "Online"]
[Date "2020.08.12"]
[Round "2.2"]
[White "Carlsen, Magnus"]
[Black "Nakamura, Hikaru"]
[Result "1/2-1/2"]
[WhiteElo "2881"]
[BlackElo "2829"]
[Annotator "TA"]
[PlyCount "149"]
[EventDate "2020.08.09"]
[EventType "k.o."]
[SourceTitle "playchess.com"]
[Source "ChessBase"]
[SourceQuality "1"]

{[%evp 9,148,-2,9,-13,-5,-2,40,8,33,37,45,0,0,0,0,-50,23,32,20,22,26,20,25,22,20,14,39,14,16,14,14,14,14,14,47,14,14,14,14,14,14,14,14,14,14,14,14,7,14,14,14,14,14,14,14,14,14,7,7,7,14,14,14,14,14,14,14,0,14,0,14,14,14,14,14,14,14,14,14,14,14,14,14,14,14,14,14,0,14,14,14,14,14,14,14,14,14,14,14,14,14,0,14,14,14,14,14,14,14,14,14,14,0,0,14,14,14,14,14,14,14,14,14,0,0,0,0,0,0,0,0,0,0,0,0,0,0,0,0,0,0]} 1. d4 Nf6 2. Nf3 d5 3. c4 e6 4. Bg5 (4. Nc3 Be7 5. Bf4 O-O 6. a3 Nbd7 7. Nb5 Ne8 8. e3 dxc4 9. Bxc4 c5 10. dxc5 a6 11. Nbd4 Bxc5 12. O-O Qe7 13. Rc1 Bd6 {1-0 (28) Carlsen,M (2863)-Nakamura,H (2736) chess24.com INT 2020}) 4... dxc4 5. e4 c5 6. Bxc4 {D30: Queen's Gambit Declined: Systems without Nc3.} cxd4 7. O-O {[#]} Be7 $146 ({Predecessor:} 7... Nc6 8. Bb5 Bd7 9. Bxc6 Bxc6 10. Nxd4 Rc8 11. Nc3 Be7 12. Nxc6 Rxc6 13. Qxd8+ Bxd8 {½-½ (38) Deac,B (2625)-Ter Sahakyan,S (2640) chess.com INT 2020}) 8. e5 {White is slightly better.} Nd5 9. Bxe7 Nxe7 10. Nbd2 {[%cal Bb1d2,Bd2e4,Be4d6][%mdl 32]} O-O 11. Re1 b6 12. Ne4 Ba6 ({Black should play} 12... Ng6 $15) 13. Bxa6 $11 Nxa6 14. Nd6 Qd7 15. Qxd4 Rad8 16. Rad1 Nc7 17. Qe4 h6 18. Nd4 Ncd5 19. f4 Nc8 20. Nxc8 Qxc8 21. f5 Qc5 22. fxe6 (22. Kh1 {feels hotter.} Qb4 23. Qe2 Ne7 24. a3 Qc5 25. b4) 22... fxe6 {[#] Hoping for ...Rf4.The position is equal.} 23. Rc1 Nf6 $1 {[%cal Rf6e4]} 24. exf6 Qxd4+ 25. Qxd4 Rxd4 26. fxg7 {[%mdl 4096] Endgame KRR-KRR} Rf6 $1 27. Rc7 Rd2 28. g3 Rxb2 29. Rxa7 Rf7 30. Rxf7 Kxf7 31. Rxe6 {Strongly threatening Rg6!} (31. a3 {with more complications.} Kxg7 32. Rxe6 b5 33. Ra6 h5 34. h4) 31... Kxg7 {KR-KR} 32. Re7+ Kg6 33. Ra7 b5 34. Ra6+ Kg7 35. h4 b4 36. Rb6 Rxa2 37. Rxb4 h5 38. Rf4 Kg6 39. Rf2 Ra3 40. Kg2 Ra4 41. Rb2 Ra3 42. Rb6+ Kg7 43. Rb5 Kg6 44. Rg5+ Kh6 45. Re5 Kg6 46. Re6+ Kg7 47. Kf2 Rb3 48. Re3 Rb5 49. Kf3 Kf6 (49... Rf5+ {is interesting.} 50. Kg2 Kf6 51. Re4 Kg7 52. Re2 Kg6) 50. Ra3 Rf5+ 51. Kg2 Rb5 52. Ra6+ Kg7 53. Re6 Rb3 54. Kf2 Ra3 55. Re3 Ra5 56. Kf3 Kf6 57. Re4 Kf5 58. Rf4+ Kg6 59. Rb4 Kf5 60. Rb6 Ra3+ 61. Kg2 Ra5 62. Rh6 Ke4 63. Rf6 Rf5 64. Ra6 Rc5 65. Re6+ Re5 66. Rxe5+ (66. Rd6 {looks sharper.} Rd5 67. Rc6 Re5 68. Rg6 Rd5 69. Rg8) 66... Kxe5 {KPP-KP} 67. Kf3 (67. g4 $5 hxg4 68. h5 $11) 67... Kf5 68. g4+ hxg4+ {KP-KP} 69. Kg3 Kg6 70. Kxg4 Kh6 71. h5 Kh7 72. Kg5 Kh8 73. h6 Kg8 74. Kg6 Kh8 75. h7 {Accuracy: White = 92%, Black = 96%.} 1/2-1/2

[Event "Magnus Carlsen Chess Tour Finals Kiva"]
[Site "Online"]
[Date "2020.08.12"]
[Round "2.2"]
[White "Carlsen, Magnus"]
[Black "Nakamura, Hikaru"]
[Result "1-0"]
[WhiteElo "2881"]
[BlackElo "2829"]
[Annotator "TA"]
[PlyCount "117"]
[EventDate "2020.08.09"]
[EventType "k.o."]
[SourceTitle "playchess.com"]
[Source "ChessBase"]
[SourceQuality "1"]

{[%evp 11,117,10,18,14,21,0,15,0,20,8,13,0,0,-27,-30,-38,-62,-86,-87,-44,-17,-17,-12,-29,-25,-14,-12,-23,-10,-18,69,68,61,56,70,72,177,77,75,65,64,56,78,112,87,90,69,48,47,45,45,45,45,49,51,48,47,41,76,72,67,44,84,70,189,154,173,170,191,209,193,209,204,197,255,202,190,65,167,167,306,282,515,514,511,509,461,472,461,473,516,440,425,407,633,633,633,581,5752,5731,29970,29968,29979,29980,29982,29983,29983,29983]} 1. c4 e5 2. g3 Nf6 3. Bg2 d5 4. cxd5 Nxd5 5. Nf3 Nc6 6. O-O Nb6 7. b3 {A20: English Opening: 1...e5.} Be6 {[#] is recently more successful than 7...Be7.} 8. Qc2 $146 ({Predecessor:} 8. Bb2 f6 9. Na3 Qd7 10. Nc2 Bh3 11. d4 Bxg2 12. Kxg2 e4 13. Nd2 f5 14. f3 exf3+ 15. Nxf3 {0-1 (46) Ding,L (2811)-Nepomniachtchi,I (2776) chess.com INT 2019}) 8... Qd7 9. Rd1 {The position is equal.} O-O-O 10. Nc3 f6 {[#]} 11. d4 $1 {[%mdl 512]} exd4 (11... Nxd4 12. Nxd4) 12. Bb2 Bf5 13. Qc1 d3 14. exd3 Bh3 15. Bh1 Bg4 16. d4 Bb4 17. d5 $1 {[%cal Rd5c6]} Bxc3 18. Qxc3 Nxd5 19. Qc4 Be6 20. Nd4 Bf7 ({Black should play} 20... Nxd4 $11 21. Rxd4 c6) 21. Nxc6 $1 $14 {[%mdl 64] Overworked Piece} Qxc6 22. Qg4+ {[%mdl 64] Double Attack} Qe6 23. Qxg7 Rhg8 (23... Rhe8 $16 {might work better.}) 24. Qh6 (24. Qxh7 $18 {is more deadly.} Nf4 25. Qe4 (25. Rxd8+ Rxd8 26. gxf4 Qg4+ 27. Kf1 Rd1+ 28. Rxd1 Qxd1+ 29. Kg2 Qg4+ 30. Kf1 Qd1+ 31. Kg2 Qg4+ 32. Kf1 Qd1+ $11) 25... Nh3+ 26. Kf1) 24... Qf5 $16 25. Bg2 {And now Bh3 would win.} Kb8 26. Rd4 Rde8 {Hoping for ...Re2!} 27. Qd2 {[%cal Rg2d5]} c6 28. b4 Qh5 {White should prevent ...Re2.} 29. Re1 Rxe1+ 30. Qxe1 Re8 31. Re4 Rxe4 32. Bxe4 Bg6 33. Bg2 Qf5 34. a3 Qd3 35. h4 Kc7 36. Kh2 Qb1 37. Qd2 Be4 {[#]} (37... Qd3 $14 38. Qh6 Be4) 38. Bxf6 $1 $18 {[%mdl 512]} Bxg2 (38... Nxf6 39. Qf4+) 39. Kxg2 Kb6 40. Bd4+ Kb5 41. Bxa7 Ka4 42. Bc5 b5 (42... Kxa3 $142 43. b5+ Kb3 44. bxc6 bxc6) 43. Qe2 Kxa3 44. Qe6 (44. h5 $18) 44... Qd3 (44... Ka4 $14) 45. Qxc6 Kb3 (45... Nxb4 $142 46. Qd6 (46. Qa8+ Kb3 $14) 46... Qxd6 47. Bxd6 Kb3) 46. Qe6 Qc4 $2 (46... Ka4 47. Qg4 Nc3) 47. Qf5 Nxb4 48. Bxb4 Kxb4 49. Qxh7 {[%mdl 4096] Endgame KQ-KQ} Qd5+ 50. Kh2 Ka3 51. Qa7+ Kb2 {intending ...b4.} 52. Qg7+ Ka2 (52... Kb3 $142 53. g4 Qd6+ 54. Kh3 Qd5) 53. Qg5 Qd3 {and the idea ...b4 leaves Black hopeful.} 54. Qc5 Qe2 55. h5 Qb2 56. h6 {White mates.} b4 57. h7 Qf6 58. Kg2 b3 59. Qa7+ {Accuracy: White = 87%, Black = 57%.} 1-0

[Event "Magnus Carlsen Chess Tour Finals Kiva"]
[Site "Online"]
[Date "2020.08.13"]
[Round "2.2"]
[White "Nakamura, Hikaru"]
[Black "Carlsen, Magnus"]
[Result "0-1"]
[WhiteElo "2829"]
[BlackElo "2881"]
[Annotator "TA"]
[PlyCount "58"]
[EventDate "2020.08.09"]
[EventType "k.o."]
[SourceTitle "playchess.com"]
[Source "ChessBase"]
[SourceQuality "1"]

{[%evp 9,58,15,16,8,18,18,27,10,9,0,0,0,0,-4,0,0,13,0,0,4,0,0,10,0,11,0,0,0,0,0,0,0,0,0,2,5,2,2,17,10,6,0,0,0,-1,-129,-115,-119,-113,-925,-908]} 1. e4 e5 2. Nf3 Nc6 3. Bb5 Nf6 4. Bxc6 (4. d3 Bc5 5. Bxc6 dxc6 6. O-O Bg4 7. h3 Bh5 8. g4 Nxg4 9. hxg4 Bxg4 10. Be3 Be7 11. Kh1 f5 12. Rg1 h5 13. Nc3 f4 14. Bd2 g5 15. Nb1 {1-0 (33) Nakamura,H (2736)-Carlsen,M (2863) chess24.com INT 2020}) 4... dxc6 5. d3 Bd6 6. Nbd2 {[%cal Bb1d2,Bd2c4,Bc4e3,Be3f5][%mdl 32] C65: Ruy Lopez: Berlin Defence (3...Nf6), unusual lines and 4 0-0 Bc5.} Bg4 7. h3 Bh5 8. Nc4 {White has an edge.} Nd7 {[#]} 9. Ne3 $146 ({Predecessor:} 9. Bd2 f6 10. Bc3 c5 11. Ne3 O-O 12. g4 Bf7 13. Rg1 Nb8 14. Nf5 Kh8 15. g5 {½-½ (35) Nikitin,Y (2129)-Galiev,A (2237) Dagomys 2004}) 9... Nf8 10. Nf5 Ne6 11. g4 Bg6 12. Be3 c5 13. c3 Qd7 14. Qc2 O-O-O 15. O-O-O f6 16. Kb1 Kb8 17. d4 cxd4 18. cxd4 exd4 19. N3xd4 Nxd4 20. Rxd4 Bxf5 $1 21. exf5 h5 22. Rhd1 hxg4 23. hxg4 Qe7 24. Qa4 {Black must now prevent Re4.} b6 25. Qc6 Be5 26. Rd7 Rxd7 27. Rxd7 (27. Qxd7 $11 Qb4 28. Bd4) 27... Qb4 $1 $17 {[%csl Ge5,LRb2,LRg4][%cal Rb4b2][%mdl 64] Double Attack} 28. Bd4 {[#] And now a3 would win.} Bd6 $1 29. Qe4 $2 {[%mdl 8192] [#]} (29. Be3 $17) 29... Qa4 $1 {[%mdl 512] Accuracy: White = 87%, Black = 100%.} 0-1

[Event "Magnus Carlsen Chess Tour Finals Kiva"]
[Site "Online"]
[Date "2020.08.13"]
[Round "2.3"]
[White "Nakamura, Hikaru"]
[Black "Carlsen, Magnus"]
[Result "0-1"]
[WhiteElo "2829"]
[BlackElo "2881"]
[Annotator "TA"]
[PlyCount "90"]
[EventDate "2020.08.09"]
[EventType "k.o."]
[SourceTitle "playchess.com"]
[Source "ChessBase"]
[SourceQuality "1"]

{[%evp 9,90,18,23,6,15,10,15,7,12,13,7,0,1,0,-8,-28,-29,-31,-31,-45,-39,-37,-31,-37,-33,-38,-43,-64,-58,-52,-14,-32,-32,-28,-32,-231,-220,-254,-252,-282,-279,-293,-236,-211,-197,-195,-185,-287,-300,-302,-307,-296,-285,-318,-266,-315,-298,-331,-318,-328,-323,-368,-364,-356,-341,-796,-794,-791,-746,-748,-668,-787,-788,-756,-617,-812,-686,-656,-625,-2757,-2678,-1121,-1046]} 1. e4 e5 2. Nf3 Nc6 3. Bb5 Nf6 4. d3 Bc5 5. Bxc6 dxc6 6. Nbd2 {C65: Ruy Lopez: Berlin Defence (3...Nf6), unusual lines and 4 0-0 Bc5.} O-O {6...Nd7 is the fancy move. Played by Magnus Carlsen in July 2020.} (6... Bg4 7. h3 Bh5 8. a3 Nd7 9. g4 Bg6 10. b4 Bd6 11. Nc4 f6 12. Na5 Qc8 13. Nh4 Nf8 14. Nf5 Ne6 15. Be3 Kf7 16. c3 Re8 17. h4 {0-1 (41) Nakamura,H (2736)-Carlsen,M (2863) chess24.com INT 2020}) 7. Nc4 Nd7 8. O-O {The position is equal.} f6 9. a4 a5 10. Be3 b6 {[#]} 11. h4 $146 ({Predecessor:} 11. h3 Ba6 12. b3 Bxc4 13. bxc4 Bxe3 14. fxe3 f5 15. exf5 Rxf5 16. e4 Rf4 17. Qe2 {0-1 (44) Nestorovic,N (2460)-Van Foreest,L (2500) Skopje 2018}) 11... Qe8 12. g3 Be7 13. Ne1 Nc5 14. Ng2 Be6 15. b3 Qd7 16. Qe2 Rae8 17. f3 Bxc4 18. dxc4 Qh3 19. Kf2 $1 Qe6 20. Kg1 f5 21. exf5 Qxf5 {Strongly threatening ...Qh3.} 22. Rad1 $2 {[#] White does not recover from this.} ({Better is} 22. Bxc5 $15 Bxc5+ 23. Kh2) 22... Qh3 $19 23. Bf2 Bd6 24. Rfe1 Re7 {[%cal Be8e7,Be7f7,Bf7f4,Bf4g4][%mdl 32]} 25. Qe3 Ref7 26. f4 exf4 27. gxf4 Qg4 {[%cal Rd6f4]} 28. Qe2 (28. Qg3 {was the only defense.} Qf5 29. Re2) 28... Rxf4 {Threatens to win with ...Rf3.} 29. Qxg4 Rxg4 30. Rd4 Rg6 31. h5 Rh6 32. Rh4 Rf5 33. Be3 Rhxh5 34. Rxh5 Rxh5 35. Bf4 Bxf4 36. Nxf4 {[%mdl 4096] Endgame KRN-KRN} Rf5 37. Ne6 $2 {[#]} (37. Ne2) 37... Nxe6 {Black is clearly winning.} 38. Rxe6 {KR-KR} c5 39. Re7 h5 40. Rxc7 Kh7 41. Kg2 Kh6 42. c3 Rf6 43. Rc8 Kg5 44. Rd8 Kg4 45. b4 h4 {Accuracy: White = 59%, Black = 97%.} 0-1

[Event "Magnus Carlsen Chess Tour Finals Kiva"]
[Site "Online"]
[Date "2020.08.13"]
[Round "2.3"]
[White "Nakamura, Hikaru"]
[Black "Carlsen, Magnus"]
[Result "1-0"]
[WhiteElo "2829"]
[BlackElo "2881"]
[Annotator "TA"]
[PlyCount "78"]
[EventDate "2020.08.09"]
[EventType "k.o."]
[SourceTitle "playchess.com"]
[Source "ChessBase"]
[SourceQuality "1"]

{[%evp 9,78,18,22,13,22,4,4,0,0,-19,8,0,6,5,20,-30,0,4,25,18,41,31,35,0,0,0,0,0,43,51,54,38,45,37,45,45,45,45,45,38,56,54,41,30,45,19,28,4,57,62,108,60,87,104,132,141,239,239,239,239,239,239,263,258,256,254,297,201,322,275,300]} 1. e4 e5 2. Nf3 Nc6 3. Bb5 Nf6 4. d3 Bc5 5. Bxc6 dxc6 6. Nbd2 {[%cal Bb1d2,Bd2c4,Bc4e3][%mdl 32] C65: Ruy Lopez: Berlin Defence (3...Nf6), unusual lines and 4 0-0 Bc5.} O-O {6...Nd7 injects fresh life into this line. Played by Magnus Carlsen in July 2020.} (6... Bg4 7. h3 Bh5 8. a3 Nd7 9. g4 Bg6 10. b4 Bd6 11. Nc4 f6 12. Na5 Qc8 13. Nh4 Nf8 14. Nf5 Ne6 15. Be3 Kf7 16. c3 Re8 {0-1 (41) Nakamura,H (2736)-Carlsen,M (2863) chess24.com INT 2020}) 7. Qe2 Re8 8. Nc4 {The position is equal.} Nd7 9. h4 a5 10. h5 {[#]} b5 $146 ({Predecessor:} 10... a4 11. a3 b5 12. Ne3 Nf8 13. Nf5 h6 14. g4 f6 15. N3h4 Ne6 16. c3 Bb6 {0-1 (58) Achilles,E (2445)-Babic,D (2468) ICCF email 2016}) 11. Ne3 Nf8 12. Bd2 Ne6 13. a4 b4 14. b3 Ba6 15. g3 Bxe3 16. Bxe3 f5 {[#] ...fxe4 is the strong threat.} 17. Rh4 $1 ({Of course not} 17. exf5 Nd4 $17) 17... f4 18. Bd2 Nd4 19. Nxd4 Qxd4 20. Rc1 fxg3 21. fxg3 Qg1+ 22. Qf1 Qxg3+ 23. Qf2 Qxf2+ 24. Kxf2 Re6 25. Rg1 {[%mdl 1024] White has compensation.} Rf8+ 26. Ke1 Bc8 27. h6 g6 28. Bg5 Ree8 (28... c5 $11) 29. Rh2 $14 Rf3 30. Rf2 Rxf2 31. Kxf2 {[%mdl 4096] Endgame KRB-KRB} Rf8+ 32. Ke3 Kf7 (32... Re8 $16 {keeps fighting.} 33. Bf6 Kf7) 33. Rf1+ $18 Ke8 34. Rxf8+ Kxf8 {[#] KB-KB} 35. Bd8 $1 c5 36. Bxc7 Ke7 37. Bxe5 ({But not} 37. Bxa5 $6 Kd7 $18) 37... Kd7 38. Bf6 Bb7 (38... Ke8 {was worth a try.} 39. Be5 Bg4) 39. Kf4 Bc6 {Accuracy: White = 80%, Black = 63%.} 1-0